000 01987cam a2200157 4500500
005 20260426014348.0
041 _afre
042 _adc
100 1 0 _aBoussard, Valérie
_eauthor
245 0 0 _aEntretien avec Gilbert de Terssac
260 _c2005.
500 _a83
520 _aObjetivo: Este estudio pretende evaluar el nivel de implementación de las intervenciones de seguridad vial en Benín. Método: Se trata de una investigación evaluativa sobre la seguridad vial que pretende hacer un análisis lógico de las intervenciones realizadas en el ámbito de la seguridad vial en Benín. Combinó una revisión de la literatura gris con un componente cualitativo. Los datos, procedentes de las estructuras implicadas en la gestión de la seguridad vial, se recolectaron mediante la explotación de documentos y mediante entrevistas. Resultados: La seguridad vial era una prioridad nacional con una institución líder y varias estructuras implicadas. Faltaba un espacio para la concertación de las partes interesadas y eran insuficientes los documentos marco, los recursos, la legislación y los datos de estudios. Pocas vías estaban en buen estado y muy pocas permitían la separación de las dos ruedas. El parque automotor estaba anticuado. Se llevaron a cabo varias actividades para sensibilizar y educar a la población y hacer cumplir las leyes, pero fueron insuficientes y mal coordinadas. Los hospitales de referencia tenían un servicio mínimo para atender los casos de trauma. Las intervenciones aún no habían permitido reducir el número de heridos y de víctimas mortales por accidente, el cual era fluctuante. Conclusión: Benín ha realizado grandes esfuerzos en el ámbito de la seguridad vial. Sin embargo, todavía hay que tener en cuenta algunas deficiencias.
786 0 _nSociologies pratiques | 10 | 1 | 2005-03-01 | p. 13-16 | 1235-9278
856 4 1 _uhttps://shs.cairn.info/revue-sociologies-pratiques-2005-1-page-13?lang=fr&redirect-ssocas=7080
999 _c2224933
_d2224933